| 000 | 00746nam a2200205Ia 4500 | ||
|---|---|---|---|
| 003 | OSt | ||
| 005 | 20200908131943.0 | ||
| 008 | 191128s2009 ck gr 000 0 spa d | ||
| 040 |
_aCO-JMCR _cCO-JMCR |
||
| 041 | 0 | _aspa | |
| 082 | 0 | 4 |
_a378 / _bM516u _223 |
| 100 | 1 |
_aMejía Gutiérrez, Jaime, _eautor _99956 |
|
| 245 | 1 | 3 |
_aLa universidad en los procesos de construcción de nación y en la educación en asuntos públicos / _cJaime Mejía Gutiérrez |
| 260 |
_aBogotá : _bEscuela Superior de Administración Pública, _c2009. |
||
| 546 | _aspa | ||
| 650 | 2 | 4 |
_aEducación Superior _xAspectos sociales _zColombia _99957 |
| 650 | 2 | 4 |
_aEducación Superior _xHistoria _zColombia _99958 |
| 650 | 2 | 4 |
_aPolítica Educativa _zColombia _99959 |
| 942 |
_2ddc _cBK |
||
| 999 |
_c6019 _d6019 |
||